Countries by One Word Clue #1 - Statistics

General Stats
  • This quiz has been taken 50 times
  • The average score is 12 of 15
Answer Stats
Clue Country % Correct
Kangaroo Australia
100%
Pyramid Egypt
100%
Sumo Japan
100%
Taco Mexico
100%
Colesseum Italy
98%
Maple Canada
94%
Greenland Denmark
94%
Wales United Kingdom
94%
Fjord Norway
87%
Bali Indonesia
85%
Casino Monaco
72%
Rand South Africa
62%
Dodo Mauritius
57%
Okavango Botswana
30%
Archery Bhutan
17%
No matching quizzes found
Score Distribution
Percent of People with Each Score
Percentile by Number Answered
Your Score History
You have not taken this quiz